000 01164nam a2200241Ii 4500
003 JO-AjNU
005 20240629102914.0
008 230605s9999||||xx |||||||||||||| ||und||
040 _aJO-AjNU
_bara
_erda
_cJO-AjNU
041 _aara
050 1 4 _aK564 2021
100 1 _aفريحات، سعيد ناجي جبر
_eمعد
_965759
245 0 0 _aدور قانون الملكية الفكرية الاردني في حماية الشركات الالكترونية = The Role of the Jordanian Intellectual Property Law in Protecting the Electronic Company /
_cاعداد سعيد ناجي جبر فريحات؛ اشراف منتصر احمد القضاة
264 3 1 _a 2021
300 _a1 ورقة
336 _atext
_btxt
_2rdacontent
337 _aunmediated
_bn
_2rdamedia
338 _avolume
_bnc
_2rdacarrier
500 _aرسالة جامعية(اطروحة ماجستير) جامعة عجلون الوطنية، كلية الحقوق، تخصص القانون؛ 2021
650 4 _aالشركات الالكترونية-قانون الملكية الفكرية
_961325
700 1 _aالقضاة، منتصر احمد
_965269
_eمشرف
942 _2lcc
_cTHS
999 _c31281
_d31281